Heirs of the Pharisees. (Record no. 16655)

000 -LEADER
fixed length control field 00489nam a2200169 a 4500
001 - CONTROL NUMBER
control field :::00019832$&:&@@
003 - CONTROL NUMBER IDENTIFIER
control field OkBaRHE
005 - DATE AND TIME OF LATEST TRANSACTION
control field 20011105135611.0
008 - FIXED-LENGTH DATA ELEMENTS--GENERAL INFORMATION
fixed length control field s1970 j 000 0 eng u
040 ## - CATALOGING SOURCE
Transcribing agency
100 1# - MAIN ENTRY--PERSONAL NAME
Personal name Petuchowski, Jakob J.
245 10 - TITLE STATEMENT
Title Heirs of the Pharisees.
260 ## - PUBLICATION, DISTRIBUTION, ETC. (IMPRINT)
Place of publication, distribution, etc New York, NY
Name of publisher, distributor, etc Basic Books, Inc.
Date of publication, distribution, etc 1970
300 ## - PHYSICAL DESCRIPTION
Extent 199 p.
942 ## - ADDED ENTRY ELEMENTS (KOHA)
Source of classification or shelving scheme
Koha item type Books
Copies
Shelving location Lost status Permanent Location Date last seen Withdrawn status Barcode Source of classification or shelving scheme Price effective from Damaged status Koha item type Date acquired Copy number Not for loan Full call number
General Stacks RHEMA Bible Training College2012-04-12 19832 2010-04-14 Books2010-04-141 BM 529 .P363